| 000 | 01130nam0a22002531 4500 | ||
|---|---|---|---|
| 001 | rc\3028971 | ||
| 005 | 20250806201613.0 | ||
| 035 | _a(NLR Aleph) 007170050 | ||
| 090 |
_a44775 _c44775 |
||
| 100 | _a20110930d1945 u y0rusy50 ca | ||
| 101 | 0 | _arus | |
| 102 | _aRU | ||
| 105 | _ay z ||||| | ||
| 200 | 1 |
_aПримерный устав сельскохозяйственной артели _eПринят Вторым Всесоюзным съездом колхозников-ударников и утвержден Советом Народных Комиссаров СССР и Центральным Комитетом ВКП(б) 17-го февраля 1935 г. |
|
| 210 |
_aУфа _cБашгосиздат _d1945 _gтип. "Октябр. натиск" |
||
| 215 |
_a21 с. _d12 см |
||
| 712 | 1 | 2 |
_aВсесоюзный съезд колхозников-ударников _d2 _eМосква _f1935 _4570 |
| 801 | 0 |
_aRU _bNLR _gpsbo |
|
| 801 | 1 |
_aRU _bELAR _2rusmarc |
|
| 852 |
_aNLR _jЭк50 Г-0/16 |
||
| 942 | _cBOOK | ||
| 945 | _aРоссийская национальная библиотека | ||
| 980 | _aNB | ||
| 980 | _aBV | ||